| 000 | 00712nam a2200241 u 4500 | ||
|---|---|---|---|
| 005 | 20240228063920.0 | ||
| 008 | 080407s2002 es r 000 0 spa d | ||
| 020 | _a8478644040 | ||
| 035 | _aUPN01000155259 | ||
| 049 | _aI | ||
| 050 | 4 |
_aPZ71 _bN4.5 2002 |
|
| 100 | 1 |
_aNeira, María _936899 |
|
| 245 | 1 | 0 |
_aMamá oca y la tormenta / _cMaría Neira, Anna Wennberg ; il. Irene Bordoy. |
| 250 | _a3a ed. | ||
| 260 |
_aBarcelona, Esp. : _bCombel, _c2002. |
||
| 300 | _a22 p. | ||
| 440 | 0 |
_aCaballo alado. _pAl paso |
|
| 650 | 4 |
_aLibros y lectura para niños _92290 |
|
| 650 | 0 |
_aAnimales _vCuentos y leyendas _9234 |
|
| 700 | 1 |
_aWennberg, Anna, _ecoaut. |
|
| 700 | 1 |
_aBordoy, Irene, _eil. |
|
| 905 | _aInfantil | ||
| 999 |
_c127375 _d127375 |
||